000 00411nam a22001697a 4500
003 OSt
005 20260520151740.0
008 260520b |||||||| |||| 00| 0 eng d
020 _a9781032557540
082 _a333.714 ECE
100 _aECCLESTON,Charles H
245 _aEnvironmental Impact Assessment
250 _a1st Ed Rep
260 _aNew Delhi
_bCRC Press
_c2025
300 _a268p.
942 _2ddc
_cBK
999 _c13980
_d13980